Undang-undang perbankan
| Main Author: | |
|---|---|
| Format: | Book |
| Published: |
New Jersey :
Prentice Hall ,
2004
|
| Subjects: |
MARC
| LEADER | 00000cam a2200000 7i4500 | ||
|---|---|---|---|
| 001 | 0000032147 | ||
| 005 | 20120523.0 | ||
| 008 | 120523 | ||
| 020 | |a 9833205224 | ||
| 090 | 0 | 0 | |a 346.595082 |b AHM |
| 100 | 0 | |a Ahmad Shamsul Abd. Aziz | |
| 245 | 1 | 0 | |a Undang-undang perbankan |c Ahmad Shamsul Abd. Aziz |f Khuzaimah Salleh |f Rosmawani Che Hashim |
| 260 | |a New Jersey : |b Prentice Hall , |c 2004 | ||
| 650 | 0 | |a Banking law |z Malaysia | |
| 999 | |a 0001021956 |b Book |c Adult Collection |e Perbadanan Perpustakaan Awam Johor | ||